| 000 | 00000nam##2200000za#4500 |
| 001 | 9.696309 |
| 003 | CaOODSP |
| 005 | 20210927150504 |
| 007 | cr ||||||||||| |
| 008 | 150407|1999||||xxc|||||o f|0| 0 eng|d |
| 040 | |aCaOODSP|beng |
| 043 | |an-cn--- |
| 086 | 1 |aR32-204/1999E-PDF |
| 110 | 1 |aCanada. |bIndian and Northern Affairs Canada. |
| 245 | 10|aIntellectual property and Aboriginal people : |h[electronic resource]|ba working paper / |ccontractors, Simon Brascoupé and Karin Endemann. |
| 260 | |aOttawa - Ontario : |bIndian and Northern Affairs |cFall 1999. |
| 300 | |a40p. |
| 500 | |aIncorrect number (R32-204/1999-1E) and the ISBN (0-662-28017-2) for the print edition have been copied in this electronic publication. |
| 504 | |aBibliography. |
| 520 | 3 |a"This paper outlines current Canadian intellectual property (IP) legislation as it relates to Aboriginal people in Canada, and provides a general review of the implications and limitations of this legislation for protecting the traditional knowledge of Aboriginal people."--Preface, p.4 of 40. |
| 590 | |a12-28-Supp|b2012-06-15 |
| 690 | 07|aIndigenous peoples|2gcpds |
| 690 | 07|aIntellectual property|2gcpds |
| 720 | 1 |aBrascoupé, Simon |
| 720 | 1 |aEndemann, Karin |
| 775 | 08|tPropriété intellectuelle et autochtones : |w(CaOODSP)9.640427 |
| 856 | 40|ahttp://publications.gc.ca|qPDF|s542 KB|uhttps://publications.gc.ca/collections/Collection/R32-204-1999E.pdf |
| 986 | |aQS-7018-001-EE-A1 |